000 00337nam a22001457a 4500
020 _a81-920935-06
082 _a646.7
_bSRI
100 _aSRIVASTVA,NEELENDRA
245 _aFUNDAMENTAKLS OF HOSPITALITY
250 _a1ST
260 _aDELHI
_bNAMAN PUBILSHER
_c2011
300 _a286
650 _aHOSPITALITY MANAGMENT
942 _2ddc
_cBK
999 _c8006
_d8006